000 00927nam a2200337 a 4500
003 AR-BaBNM
005 20251128204357.0
008 082120s2002 ||||||||||||||000 | spa||
020 _a950-07-0670-9
040 _cAR-BaBNM
100 1 _aSuez, Perla
245 0 0 _aEl viaje de un cuis muy gris
260 _aBuenos Aires
_bSudamericana
_c1991
300 _a53 p.
_bil.
490 0 _aPan flauta
_vv. 14
500 _aContiene cartas de la autora y del ilustrador a los lectores
500 _aBiografías de los autores
500 _aCatálogo de los títulos de la misma colección
650 4 _aCUENTO INFANTIL
650 4 _aLITERATURA INFANTIL
650 4 _aCULTURA
650 4 _aHUMANIDADES
650 4 _aANIMALES
650 4 _aLIBROS PARA NIÑOS
653 _aRELATO DE AVENTURAS
655 _aLITERATURA
700 1 _aRojas, Oscar
_eilustrador
800 0 _aCanela
942 _cBK
998 _cisola
999 _c7213
_d7213